[Event "Titled Tuesday intern op 23rd Apr Late"]
[Site "Chess.com INT"]
[Date "2024.04.23"]
[Round "3"]
[White "Butti, Enrique"]
[Black "Corrales Jimenez, Fidel"]
[Result "0-1"]
[WhiteElo "1989"]
[BlackElo "2545"]
[PlyCount "68"]
[EventDate "2024.04.23"]
[EventType "swiss (blitz)"]
[EventRounds "11"]
[EventCountry "USA"]
[SourceTitle "CB18_2024"]
[SourceDate "2024.05.01"]
[SourceVersion "1"]
[SourceVersionDate "2024.05.01"]
[SourceQuality "2"]

1. d4 Nf6 2. Nf3 g6 3. c4 Bg7 4. Nc3 d5 5. cxd5 Nxd5 6. e4 Nxc3 7. bxc3 c5 8. Be2 cxd4 9. cxd4 0-0 10. Rb1 Qa5+ 11. Bd2 Qxa2 12. 0-0 Qe6 13. Qc2 Qc6 14. Bc4 e6 15. d5 exd5 16. exd5 Qc7 17. Bb4 Bf5 18. Qb3 Rc8 19. Bd3 Bxd3 20. Qxd3 Na6 21. d6 Qc4 22. Qxc4 Rxc4 23. Ba3 b6 24. Rbc1 Ra4 25. d7 Nc5 26. Bxc5 bxc5 27. Rxc5 Rd8 28. Rc8 Bf6 29. Re1 Kg7 30. Rxd8 Bxd8 31. Re8 Ra1+ 32. Ne1 Rd1 33. Kf1 Rxd7 34. Ke2 a5 0-1

[Event "Titled Tuesday intern op 16th Apr Late"]
[Site "Chess.com INT"]
[Date "2024.04.16"]
[Round "4"]
[White "Marino Bravo, Miguel Angel"]
[Black "Corrales Jimenez, Fidel"]
[Result "0-1"]
[WhiteElo "2140"]
[BlackElo "2545"]
[PlyCount "72"]
[EventDate "2024.04.16"]
[EventType "swiss (blitz)"]
[EventRounds "11"]
[EventCountry "USA"]
[SourceTitle "CB17_2024"]
[SourceDate "2024.04.24"]
[SourceVersion "1"]
[SourceVersionDate "2024.04.24"]
[SourceQuality "1"]

1. d4 Nf6 2. Bf4 e6 3. e3 c5 4. Nf3 cxd4 5. exd4 Nc6 6. Nc3 Qb6 7. Rb1 Bb4 8. Be2 Nd5 9. 0-0 Bxc3 10. bxc3 Nxc3 11. Rxb6 Nxd1 12. Rxc6 bxc6 13. Rxd1 f6 14. Bd6 a5 15. c4 Ba6 16. Rb1 Kf7 17. Bf1 Ra7 18. c5 Bxf1 19. Kxf1 a4 20. a3 Rha8 21. Nd2 Ra5 22. Nc4 Rb5 23. Rd1 Rb3 24. Nb6 Ra7 25. Ra1 Ra5 26. g3 Ke8 27. Ke2 Rc3 28. Kd2 Rb3 29. Ke2 h5 30. h4 Rb2+ 31. Ke3 Rab5 32. Nxa4 R5b3+ 33. Ke4 Re2+ 34. Kf4 Rxf2+ 35. Ke4 f5+ 36. Ke5 Re3# 0-1

[Event "Titled Tuesday intern op 12th Dec Early"]
[Site "Chess.com INT"]
[Date "2023.12.12"]
[Round "4"]
[White "Bettalli, Francesco"]
[Black "Corrales Jimenez, Fidel"]
[Result "0-1"]
[WhiteElo "2260"]
[BlackElo "2527"]
[PlyCount "98"]
[EventDate "2023.12.12"]
[EventType "swiss (blitz)"]
[EventRounds "11"]
[EventCountry "USA"]
[SourceTitle "CB51_2023"]
[SourceDate "2023.12.20"]
[SourceVersion "1"]
[SourceVersionDate "2023.12.20"]
[SourceQuality "1"]

1. e4 c5 2. Nc3 Nc6 3. Nf3 g6 4. Bb5 Bg7 5. 0-0 Nd4 6. Nxd4 cxd4 7. Ne2 e6 8. d3 Ne7 9. f4 Qb6 10. Ba4 0-0 11. Qe1 d5 12. e5 f6 13. exf6 Bxf6 14. g4 Rf7 15. Ng3 Bg7 16. h4 e5 17. fxe5 Rxf1+ 18. Qxf1 Bxg4 19. Bg5 Rf8 20. Qg2 Bf3 21. Qh3 Nf5 22. Nxf5 Rxf5 23. Rf1 h6 24. Rxf3 Rxf3 25. Qxf3 Qa5 26. Bb3 hxg5 27. Bxd5+ Kh7 28. hxg5 Qe1+ 29. Kg2 Qd2+ 30. Kh3 Qxg5 31. e6 Be5 32. Qf7+ Kh6 33. Qf8+ Kh7 34. Qf7+ Kh6 35. Qf8+ Kh7 36. Qf3 Qg1 37. Qf7+ Kh6 38. Qf8+ Kg5 39. Qe7+ Bf6 40. Qd6 Qg4+ 41. Kh2 Kh4 42. Bg2 Bg5 43. Qf8 Bf4+ 44. Kg1 Be3+ 45. Kh2 Bf4+ 46. Kg1 Kg3 47. Qh8 Be3+ 48. Kh1 Qd1+ 49. Bf1 Qxf1# 0-1

[Event "Titled Tuesday intern op 12th Sep Early"]
[Site "Chess.com INT"]
[Date "2023.09.12"]
[Round "3"]
[White "Ambartsumova, Karina"]
[Black "Corrales Jimenez, Fidel"]
[Result "1-0"]
[WhiteElo "2418"]
[BlackElo "2533"]
[PlyCount "171"]
[EventDate "2023.09.12"]
[EventType "swiss (blitz)"]
[EventRounds "11"]
[EventCountry "USA"]
[SourceTitle "EXT 2024"]
[Source "ChessBase"]
[SourceDate "2023.10.10"]
[SourceVersion "1"]
[SourceVersionDate "2023.10.10"]
[SourceQuality "1"]

1. d4 Nf6 2. c4 g6 3. g3 Bg7 4. Bg2 0-0 5. Nc3 c6 6. e4 d6 7. Nf3 Bg4 8. h3 Bxf3 9. Bxf3 Nbd7 10. 0-0 a5 11. Bg2 Ne8 12. Be3 Nc7 13. f4 Rb8 14. e5 c5 15. exd6 exd6 16. f5 Re8 17. Bf2 gxf5 18. dxc5 dxc5 19. Qh5 Qf6 20. Rad1 Re7 21. g4 Qg6 22. Qxf5 Qxf5 23. gxf5 b6 24. Rfe1 Rxe1+ 25. Bxe1 Bd4+ 26. Bf2 Bxf2+ 27. Kxf2 Ne5 28. b3 Kf8 29. Rd6 Ne8 30. Rd5 f6 31. Nb5 Ke7 32. Rd1 Rd8 33. Rxd8 Kxd8 34. Ke3 Ke7 35. Be4 Nd6 36. Nc3 Kf7 37. Nd5 Nd7 38. Nc3 Kg7 39. Kf4 Ne5 40. Nd5 Nc8 41. Nc7 Kf7 42. Nd5 Nd7 43. Bc2 Ne7 44. Nc3 Nc6 45. Be4 Nd4 46. Nd5 Ne2+ 47. Ke3 Nc1 48. Bb1 Kg7 49. Kd2 Nxa2 50. Bxa2 Kh6 51. Ke3 Kg5 52. Bb1 Kh4 53. Nf4 Kg3 54. Ke4 h6 55. Bc2 Ne5 56. Bd1 Nc6 57. Nd5 Kxh3 58. Nxf6 Kg3 59. Nh5+ Kf2 60. f6 Nd8 61. Ke5 Ke1 62. Bg4 Nf7+ 63. Ke6 Ng5+ 64. Ke7 Kd2 65. Nf4 Kc3 66. Bd1 Kd2 67. Bh5 Kc2 68. Nd5 Kxb3 69. Nxb6 a4 70. Bd1+ Kb4 71. Nxa4 Ka5 72. Nxc5 Kb4 73. Ne6 Nh7 74. c5 Kc3 75. c6 Kd2 76. Bh5 Nxf6 77. Kxf6 Ke3 78. c7 Ke4 79. c8Q Ke3 80. Qc4 Kf2 81. Qe2+ Kg3 82. Qg4+ Kf2 83. Qe2+ Kg3 84. Qf3+ Kh2 85. Nf4 Kg1 86. Qg2# 1-0

[Event "World op 51st"]
[Site "Philadelphia"]
[Date "2023.07.04"]
[Round "9"]
[White "Mikaelyan, Arman"]
[Black "Corrales Jimenez, Fidel"]
[Result "1/2-1/2"]
[WhiteElo "2523"]
[BlackElo "2509"]
[PlyCount "137"]
[EventDate "2023.06.30"]
[EventType "swiss"]
[EventRounds "9"]
[EventCountry "USA"]
[SourceTitle "CBM 215 Extra"]
[Source "ChessBase"]
[SourceDate "2023.09.30"]
[SourceVersion "1"]
[SourceVersionDate "2023.09.30"]
[SourceQuality "1"]

1. Nf3 Nf6 2. c4 c5 3. Nc3 Nc6 4. e3 e6 5. d4 d5 6. cxd5 exd5 7. Bb5 Bd7 8. 0-0 a6 9. Bxc6 Bxc6 10. b3 Rc8 11. Bb2 Be7 12. dxc5 Bxc5 13. Rc1 0-0 14. Ne2 Ne4 15. Ned4 Bd7 16. Ne5 Bd6 17. Nxd7 Rxc1 18. Qxc1 Qxd7 19. Nf3 Rc8 20. Qd1 Be7 21. h3 Bf6 22. Bxf6 Nxf6 23. Qd3 g6 24. Rd1 Qe7 25. Qd4 h5 26. Ne1 Kg7 27. Nd3 Qe4 28. Qb2 Rc6 29. Rd2 Kg8 30. a4 a5 31. Ne5 Rc8 32. Nf3 Qe7 33. Rd1 b6 34. Qd4 Rc6 35. Ne5 Rc5 36. Nd3 Rc6 37. Nf4 Rc5 38. Qb2 Qd6 39. Qa1 Ne4 40. Qd4 Nf6 41. Qb2 Ne4 42. Nd3 Rc8 43. Qd4 Qf6 44. Nf4 Qxd4 45. Rxd4 Rc1+ 46. Kh2 Nxf2 47. Nxd5 f5 48. Kg3 Ne4+ 49. Kf4 Kf7 50. Rc4 Rb1 51. Ke5 Rxb3 52. Rc7+ Kf8 53. g4 hxg4 54. hxg4 b5 55. gxf5 gxf5 56. Kxf5 Nd6+ 57. Ke6 Ne8 58. Rf7+ Kg8 59. Ne7+ Kh8 60. Rf3 Kh7 61. Rh3+ Kg7 62. Nf5+ Kg6 63. Rg3+ Kh5 64. Ke7 bxa4 65. Kxe8 a3 66. Ng7+ Kh4 67. Nf5+ Kh5 68. Ng7+ Kh4 69. Nf5+ 1/2-1/2

[Event "Philadelphia op 16th"]
[Site "Philadelphia"]
[Date "2023.06.28"]
[Round "9"]
[White "Schmakel, Sam A"]
[Black "Corrales Jimenez, Fidel"]
[Result "1/2-1/2"]
[WhiteElo "2416"]
[BlackElo "2509"]
[PlyCount "80"]
[EventDate "2023.06.24"]
[EventType "swiss"]
[EventRounds "9"]
[EventCountry "USA"]
[SourceTitle "CBM 215 Extra"]
[Source "ChessBase"]
[SourceDate "2023.09.30"]
[SourceVersion "1"]
[SourceVersionDate "2023.09.30"]
[SourceQuality "1"]

1. e4 c6 2. d4 d5 3. e5 Bf5 4. Nf3 e6 5. Be2 c5 6. Be3 Qb6 7. Nc3 Nc6 8. 0-0 c4 9. Qc1 Rc8 10. Nh4 Bg6 11. Na4 Qc7 12. f4 Be7 13. Nxg6 hxg6 14. Nc3 b5 15. Nd1 Nh6 16. g4 f5 17. g5 Ng4 18. Bxg4 fxg4 19. c3 b4 20. Bf2 Qa5 21. Ne3 Rb8 22. Qc2 Kf7 23. Nxg4 bxc3 24. bxc3 Rb5 25. Rab1 Rhb8 26. Rxb5 Qxb5 27. Be3 Qb2 28. Qxb2 Rxb2 29. Rf2 Rb1+ 30. Rf1 Rb5 31. Bc1 Bd8 32. Rf2 Bb6 33. Rc2 Rb1 34. Kg2 a5 35. Ba3 a4 36. Rc1 Rxc1 37. Bxc1 Ba5 38. Bb2 a3 39. Ba1 Na7 40. Ne3 Nb5 1/2-1/2